Fr. Conceicao Rodrigues College of Engineering

Comprehensive Guide to C++ (Record no. 25860)

MARC details
000 -LEADER
fixed length control field 00302nam a2200145Ia 4500
082 ## - DEWEY DECIMAL CLASSIFICATION NUMBER
Classification number 005.13'C'
Item number AKL
100 ## - MAIN ENTRY--PERSONAL NAME
Personal name Aklecha/ Vishivajit
245 ## - TITLE STATEMENT
Title Comprehensive Guide to C++
260 ## - PUBLICATION, DISTRIBUTION, ETC.
Name of publisher, distributor, etc. B.P.B.
Date of publication, distribution, etc. 1995
300 ## - PHYSICAL DESCRIPTION
Extent 426
546 ## - LANGUAGE NOTE
Language note ENGLISH
654 ## - SUBJECT ADDED ENTRY--FACETED TOPICAL TERMS
Focus term computer
942 ## - ADDED ENTRY ELEMENTS (KOHA)
Koha item type BOOK
Holdings
Withdrawn status Lost status Damaged status Not for loan Collection Home library Current library Date acquired Inventory number Total Checkouts Full call number Barcode Date last seen Price effective from Koha item type
        CRC Fr. Agnel's C.Rodrigues College of Engineering Fr. Agnel's C.Rodrigues College of Engineering 17/03/2023 3426   005.13'C' AKL 11181 17/03/2023 17/03/2023 BOOK